[Event "CZE-ch"]
[Site "Ostrava"]
[Date "2018.05.02"]
[Round "5"]
[White "Toman, Jaroslav"]
[Black "Sramek, Vojtech"]
[Result "1-0"]
[WhiteElo "2233"]
[BlackElo "2145"]
[PlyCount "83"]
[EventDate "2018.04.28"]
[EventType "swiss"]
[EventRounds "9"]
[EventCountry "CZE"]
[SourceTitle "CBM 184 Extra"]
[Source "ChessBase"]
[SourceDate "2018.06.28"]
[SourceVersion "1"]
[SourceVersionDate "2018.06.28"]
[SourceQuality "1"]

1. e4 c5 2. Nc3 Nc6 3. g3 g6 4. Bg2 Bg7 5. f4 d6 6. Nf3 e6 7. d3 Nge7 8. 0-0 0-0 9. Be3 Nd4 10. Rb1 Rb8 11. Ne2 Nec6 12. Nh4 Bd7 13. c3 Nxe2+ 14. Qxe2 f5 15. e5 Qc7 16. exd6 Qxd6 17. Qf2 b6 18. Nf3 Rbd8 19. Rbd1 e5 20. fxe5 Nxe5 21. Nxe5 Bxe5 22. d4 Bb5 23. Rd2 cxd4 24. cxd4 Bf6 25. Rfd1 Qb4 26. d5 Be5 27. Bd4 Bxd4 28. Rxd4 Qd6 29. a4 Ba6 30. Qd2 Rfe8 31. Re1 Rc8 32. Rxe8+ Rxe8 33. Bf3 Bb7 34. Kg2 Kg7 35. h4 h5 36. Rc4 Rd8 37. Qc3+ Kg8 38. Rc7 Rd7 39. Rxb7 Rxb7 40. Qc8+ Qf8 41. Qxb7 Qb4 42. Qc8+ 1-0

[Event "CZE-ch"]
[Site "Ostrava"]
[Date "2018.04.30"]
[Round "3"]
[White "Toman, Jaroslav"]
[Black "Kopriva, Martin"]
[Result "0-1"]
[WhiteElo "2233"]
[BlackElo "2071"]
[PlyCount "74"]
[EventDate "2018.04.28"]
[EventType "swiss"]
[EventRounds "9"]
[EventCountry "CZE"]
[SourceTitle "CBM 184 Extra"]
[Source "ChessBase"]
[SourceDate "2018.06.28"]
[SourceVersion "1"]
[SourceVersionDate "2018.06.28"]
[SourceQuality "1"]

1. d4 g6 2. c4 Bg7 3. e4 d6 4. Nc3 Nf6 5. f3 0-0 6. Be3 c6 7. Qd2 e5 8. 0-0-0 Qe7 9. Kb1 Na6 10. g4 Nc7 11. d5 cxd5 12. cxd5 Bd7 13. h4 b5 14. Rc1 Rfc8 15. h5 b4 16. Nd1 a5 17. hxg6 fxg6 18. Nh3 Nb5 19. Bc4 Rab8 20. Ng5 Bh8 21. Bxb5 Rxc1+ 22. Qxc1 Bxb5 23. Ne6 Bd3+ 24. Ka1 a4 25. Nf2 Be2 26. Rh3 a3 27. Qc2 axb2+ 28. Kxb2 Bf1 29. Rg3 b3 30. axb3 Nxd5 31. exd5 e4+ 32. Kc1 Qb7 33. Kd1 Rc8 34. Qxe4 Qa6 35. Bd4 Bxd4 36. Nxd4 Qa1+ 37. Kd2 Qc1# 0-1

[Event "CZE-chT2A 1415"]
[Site "Czech Republic"]
[Date "2015.04.19"]
[Round "11.1"]
[White "Toman, Jaroslav"]
[Black "Rous, Daniel"]
[Result "0-1"]
[WhiteElo "2255"]
[BlackElo "2161"]
[PlyCount "96"]
[EventDate "2014.11.02"]
[EventType "team-tourn"]
[EventRounds "11"]
[EventCountry "CZE"]
[SourceTitle "EXT 2022"]
[Source "ChessBase"]
[SourceDate "2021.10.06"]
[SourceVersion "1"]
[SourceVersionDate "2021.10.06"]
[SourceQuality "1"]
[WhiteTeam "Tachov"]
[BlackTeam "Praha Dopravni podnik"]
[WhiteTeamCountry "CZE"]
[BlackTeamCountry "CZE"]

1. d4 Nf6 2. c4 g6 3. Nc3 d5 4. cxd5 Nxd5 5. Qb3 Nxc3 6. bxc3 Bg7 7. Ba3 b6 8. e3 Bb7 9. Nf3 0-0 10. Be2 Nd7 11. 0-0 Re8 12. Rad1 c6 13. Ng5 e6 14. Ne4 Nf6 15. Nd6 Re7 16. Nxb7 Rxb7 17. Bf3 Rc8 18. c4 Rd7 19. Qa4 Qc7 20. g3 Ne8 21. Qb3 Rcd8 22. Bb2 c5 23. dxc5 Rxd1 24. Rxd1 Rxd1+ 25. Bxd1 Bxb2 26. Qxb2 Qxc5 27. Qd4 Nd6 28. Bb3 Qxd4 29. exd4 Nf5 30. d5 exd5 31. cxd5 Kf8 32. Kf1 Nd4 33. Bc4 b5 34. Bd3 Ke7 35. f4 Kd6 36. Be4 f5 37. Bg2 Nc2 38. Ke2 Nb4 39. a3 Nc2 40. a4 bxa4 41. Kd2 Nb4 42. Kc3 Nxd5+ 43. Kd4 Nf6 44. Bf1 a3 45. Bc4 Ng4 46. h3 Nf6 47. Kc3 Ne4+ 48. Kb3 Nd2+ 0-1

[Event "CZE-chT2A 1415"]
[Site "Czech Republic"]
[Date "2015.02.08"]
[Round "7.1"]
[White "Toman, Jaroslav"]
[Black "Miesbauer, Jan"]
[Result "0-1"]
[WhiteElo "2255"]
[BlackElo "2178"]
[PlyCount "89"]
[EventDate "2014.11.02"]
[EventType "team-tourn"]
[EventRounds "11"]
[EventCountry "CZE"]
[SourceTitle "EXT 2022"]
[Source "ChessBase"]
[SourceDate "2021.10.06"]
[SourceVersion "1"]
[SourceVersionDate "2021.10.06"]
[SourceQuality "1"]
[WhiteTeam "Tachov"]
[BlackTeam "Pisek"]
[WhiteTeamCountry "CZE"]
[BlackTeamCountry "CZE"]

1. d4 Nf6 2. c4 d6 3. Nc3 g6 4. e4 Bg7 5. f3 0-0 6. Be3 e5 7. Nge2 c6 8. Qb3 Nbd7 9. 0-0-0 Qc7 10. Kb1 exd4 11. Nxd4 a6 12. g4 b5 13. g5 Nh5 14. f4 Nc5 15. Qc2 Re8 16. b4 Ne6 17. Nde2 a5 18. cxb5 axb4 19. b6 Qb7 20. Na4 Qa6 21. Nec3 Qa5 22. b7 Bxb7 23. Bb6 bxc3 24. Bxa5 Rxa5 25. Nxc3 Rb8 26. Kc1 Rc5 27. Rd3 Nd4 28. Qd2 Nb5 29. e5 Nxf4 30. Qxf4 Bxe5 31. Qe3 Nxc3 32. Kd2 Ra8 33. Ke1 Rxa2 34. Rd2 Rxd2 35. Qxd2 Ne4 36. Qe3 Bc3+ 37. Kd1 Rd5+ 38. Kc2 Rd2+ 39. Kb3 c5 40. Be2 Bd5+ 41. Ka4 Bc6+ 42. Ka3 Bb2+ 43. Kb3 Bd4 44. Qg3 Bd5+ 45. Ka3 0-1

[Event "CZE-chT2A 1415"]
[Site "Czech Republic"]
[Date "2014.11.02"]
[Round "1.2"]
[White "Toman, Jaroslav"]
[Black "Matras, Ondrej"]
[Result "1/2-1/2"]
[WhiteElo "2255"]
[BlackElo "2210"]
[PlyCount "156"]
[EventDate "2014.11.02"]
[EventType "team-tourn"]
[EventRounds "11"]
[EventCountry "CZE"]
[SourceTitle "EXT 2022"]
[Source "ChessBase"]
[SourceDate "2021.10.06"]
[SourceVersion "1"]
[SourceVersionDate "2021.10.06"]
[SourceQuality "1"]
[WhiteTeam "Tachov"]
[BlackTeam "Praha Vrsovice"]
[WhiteTeamCountry "CZE"]
[BlackTeamCountry "CZE"]

1. d4 Nf6 2. c4 e6 3. Nf3 d5 4. Bg5 Be7 5. Nc3 Ne4 6. Bxe7 Qxe7 7. Qb3 c6 8. Nxe4 dxe4 9. Nd2 f5 10. f4 exf3 11. Nxf3 Nd7 12. e3 e5 13. 0-0-0 e4 14. Nd2 Nf6 15. Qa4 0-0 16. Be2 Be6 17. Kb1 a6 18. c5 Qc7 19. Bc4 Nd5 20. Bxd5 Bxd5 21. Nc4 Bxc4 22. Qxc4+ Qf7 23. Qxf7+ Rxf7 24. d5 cxd5 25. Rxd5 Re8 26. g3 g6 27. Rhd1 Rc7 28. b4 Kf7 29. Kb2 Kf6 30. h4 Re5 31. Rd7 Re7 32. R1d6+ Kf7 33. Rxe7+ Rxe7 34. Kc3 Kg7 35. a4 Kh6 36. b5 axb5 37. axb5 Kh5 38. c6 bxc6 39. bxc6 Kg4 40. Kd4 Kxg3 41. Rd7 Re8 42. Rxh7 f4 43. c7 f3 44. Rg7 Kxh4 45. Rxg6 f2 46. Rf6 Kg3 47. Rf4 Kg2 48. Rxe4 f1Q 49. Rxe8 Qd1+ 50. Kc5 Qh5+ 51. Kc6 Qxe8+ 52. Kb7 Qb5+ 53. Kc8 Kf3 54. e4 Kf4 55. Kd8 Qd3+ 56. Ke7 Qc2 57. Kd8 Qd1+ 58. Ke7 Qg4 59. Kd8 Qg5+ 60. Kd7 Qg7+ 61. Kd8 Qd4+ 62. Ke7 Qc5+ 63. Kd7 Qd4+ 64. Ke7 Qxe4+ 65. Kd8 Qd5+ 66. Kc8 Qb5 67. Kd8 Qb6 68. Kd7 Qd4+ 69. Kc8 Ke5 70. Kb7 Qb4+ 71. Ka7 Qa5+ 72. Kb7 Qb5+ 73. Ka7 Qc6 74. Kb8 Qb6+ 75. Ka8 Qa6+ 76. Kb8 Qb5+ 77. Ka7 Kd6 78. c8Q Qc5+ 1/2-1/2

[Event "CZE-ch"]
[Site "Ostrava"]
[Date "2014.05.01"]
[Round "6"]
[White "Svoboda, Svatopluk"]
[Black "Toman, Jaroslav"]
[Result "1-0"]
[WhiteElo "2334"]
[BlackElo "2220"]
[PlyCount "83"]
[EventDate "2014.04.26"]
[EventType "swiss"]
[EventRounds "9"]
[EventCountry "CZE"]
[SourceTitle "CBM 160 Extra"]
[Source "ChessBase"]
[SourceDate "2014.07.01"]
[SourceVersion "1"]
[SourceVersionDate "2014.07.01"]
[SourceQuality "1"]

1. d4 Nf6 2. g3 g6 3. Bg2 Bg7 4. Nf3 0-0 5. c4 d6 6. 0-0 Nc6 7. Nc3 a6 8. b3 Rb8 9. Bb2 b5 10. cxb5 axb5 11. Rc1 b4 12. Na4 Na7 13. Qc2 Nb5 14. Qc4 Nd7 15. Ne1 c5 16. dxc5 Bxb2 17. Nxb2 dxc5 18. Ned3 Nc3 19. Rc2 Qa5 20. a4 Ba6 21. Qh4 Qc7 22. Bf3 Nb6 23. Nd1 Bxd3 24. exd3 Qd6 25. Nxc3 bxc3 26. Rxc3 Nd7 27. Qe4 Rb4 28. Qd5 Ne5 29. Bg2 Rd8 30. Qxd6 Rxd6 31. Rxc5 Nxd3 32. Rc3 e5 33. Rd1 Rbd4 34. Rc4 f5 35. Rxd4 Rxd4 36. Bf1 Nb4 37. Rxd4 exd4 38. Bb5 Kf8 39. a5 Ke7 40. a6 Nd5 41. a7 Nb6 42. Bc6 1-0

[Event "CZE-ch"]
[Site "Ostrava"]
[Date "2014.04.26"]
[Round "1"]
[White "Toman, Jaroslav"]
[Black "Kislinsky, Alexey"]
[Result "0-1"]
[WhiteElo "2220"]
[BlackElo "2483"]
[PlyCount "68"]
[EventDate "2014.04.26"]
[EventType "swiss"]
[EventRounds "9"]
[EventCountry "CZE"]
[SourceTitle "CBM 160 Extra"]
[Source "ChessBase"]
[SourceDate "2014.07.01"]
[SourceVersion "1"]
[SourceVersionDate "2014.07.01"]
[SourceQuality "1"]

1. e4 c5 2. Nf3 Nc6 3. d4 cxd4 4. Nxd4 g6 5. c4 Bg7 6. Be3 Qb6 7. Nxc6 Qxc6 8. Qc2 Nf6 9. f3 d5 10. e5 Nd7 11. f4 Nb6 12. c5 Bf5 13. Qf2 d4 14. cxb6 dxe3 15. Qxe3 0-0 16. Na3 f6 17. Rc1 Qxb6 18. Qxb6 axb6 19. Bc4+ Kh8 20. Bd5 fxe5 21. fxe5 Ra5 22. Rd1 e6 23. Bf3 Rxe5+ 24. Kf2 Rc5 25. Rhe1 Bxb2 26. Re3 e5 27. Rb3 Bd4+ 28. Kg3 Ra5 29. Rd2 Be6 30. Rbd3 Bc5 31. Nc2 e4 32. Bxe4 Bf2+ 33. Rxf2 Rg5+ 34. Kh4 Rg4+ 0-1

[Event "CZE-chT2A 1314"]
[Site "Czech Republic"]
[Date "2013.12.15"]
[Round "4.2"]
[White "Haman, Jakub"]
[Black "Toman, Jaroslav"]
[Result "1/2-1/2"]
[WhiteElo "2182"]
[BlackElo "2220"]
[PlyCount "167"]
[EventDate "2013.11.03"]
[EventType "team-tourn"]
[EventRounds "11"]
[EventCountry "CZE"]
[SourceTitle "EXT 2015"]
[Source "ChessBase"]
[SourceDate "2014.11.20"]
[SourceVersion "1"]
[SourceVersionDate "2014.11.20"]
[SourceQuality "1"]
[WhiteTeam "Kladno"]
[BlackTeam "Tachov"]
[WhiteTeamCountry "CZE"]
[BlackTeamCountry "CZE"]

1. e4 c5 2. Nf3 d6 3. d4 cxd4 4. Nxd4 Nf6 5. Nc3 Nc6 6. Bc4 e6 7. Be3 a6 8. Qe2 Be7 9. 0-0-0 Qc7 10. f3 0-0 11. g4 Na5 12. Bb3 b5 13. g5 Nxb3+ 14. axb3 Nd7 15. h4 b4 16. Nb1 Nc5 17. Nd2 a5 18. h5 a4 19. bxa4 Nxa4 20. Qc4 Qxc4 21. Nxc4 Ra6 22. Nb5 Rd8 23. e5 d5 24. Ncd6 Bd7 25. Rh4 Bxb5 26. Nxb5 Rb8 27. Nd4 Nc5 28. b3 Nd7 29. f4 Nc5 30. Rhh1 Rba8 31. Kd2 Ne4+ 32. Kd3 Nc5+ 33. Ke2 Ne4 34. Kf3 Ra2 35. g6 Bc5 36. gxf7+ Kxf7 37. f5 Bxd4 38. Rxd4 Rxc2 39. Rxb4 Rc7 40. h6 exf5 41. hxg7 Kxg7 42. Rb6 Re8 43. Rbh6 Kg8 44. Kf4 Rg7 45. R1h3 Ng5 46. R3h4 Nf7 47. Rb6 Nxe5 48. Rh5 Nd3+ 49. Kf3 f4 50. Bf2 Nxf2 51. Kxf2 Rd8 52. Rb5 d4 53. Rbd5 Rgd7 54. Rhg5+ Kf8 55. Rgf5+ Ke8 56. Rxd7 Rxd7 57. Ke2 d3+ 58. Kd2 Rd4 59. Rh5 Kf7 60. Rxh7+ Kg6 61. Rh3 Kf5 62. Rxd3 Re4 63. Rd8 Kg4 64. Kd3 Re1 65. Rg8+ Kh3 66. Rh8+ Kg2 67. Rg8+ Kf2 68. b4 f3 69. b5 Rb1 70. Kc4 Ke2 71. Re8+ Kd2 72. Rd8+ Ke2 73. Re8+ Kf1 74. Kc5 f2 75. b6 Rb3 76. Rf8 Ke2 77. Rxf2+ Kxf2 78. Kc6 Ke3 79. b7 Kd4 80. Kc7 Rc3+ 81. Kd7 Rb3 82. Kc7 Kd5 83. b8Q Rxb8 84. Kxb8 1/2-1/2

[Event "CZE-chT2A 1213"]
[Site "Czech Republic"]
[Date "2013.02.03"]
[Round "8.1"]
[White "Tuma, Jakub"]
[Black "Toman, Jaroslav"]
[Result "1-0"]
[WhiteElo "2275"]
[BlackElo "2219"]
[PlyCount "65"]
[EventDate "2012.10.14"]
[EventType "team-tourn"]
[EventRounds "11"]
[EventCountry "CZE"]
[SourceTitle "EXT 2015"]
[Source "ChessBase"]
[SourceDate "2014.11.20"]
[SourceVersion "1"]
[SourceVersionDate "2014.11.20"]
[SourceQuality "1"]
[WhiteTeam "Litvinov Lom"]
[BlackTeam "Tachov"]
[WhiteTeamCountry "CZE"]
[BlackTeamCountry "CZE"]

1. e4 c5 2. Nf3 Nc6 3. d4 cxd4 4. Nxd4 Nf6 5. Nc3 e5 6. Ndb5 d6 7. Bg5 a6 8. Na3 Be6 9. Nc4 Rc8 10. Bxf6 gxf6 11. Ne3 Nb4 12. Bd3 Rg8 13. 0-0 Rg6 14. Ncd5 Bh6 15. c3 Nc6 16. Nf5 Kf8 17. Qh5 Bg7 18. Rad1 Rg5 19. Qxh7 Rxf5 20. exf5 Bxd5 21. c4 Be6 22. fxe6 fxe6 23. b3 f5 24. Bxf5 exf5 25. Qxf5+ Ke7 26. c5 Nd4 27. Rxd4 exd4 28. Re1+ Be5 29. cxd6+ Kxd6 30. Qxe5+ Kc6 31. Rc1+ Kb6 32. Rxc8 Qxc8 33. Qxd4+ 1-0

[Event "CZE-chT2A 1213"]
[Site "Czech Republic"]
[Date "2012.11.18"]
[Round "3.2"]
[White "Toman, Jaroslav"]
[Black "Horak, Jiri"]
[Result "1/2-1/2"]
[WhiteElo "2219"]
[BlackElo "2209"]
[PlyCount "94"]
[EventDate "2012.10.14"]
[EventType "team-tourn"]
[EventRounds "11"]
[EventCountry "CZE"]
[SourceTitle "EXT 2015"]
[Source "ChessBase"]
[SourceDate "2014.11.20"]
[SourceVersion "1"]
[SourceVersionDate "2014.11.20"]
[SourceQuality "1"]
[WhiteTeam "Tachov"]
[BlackTeam "Most Chess"]
[WhiteTeamCountry "CZE"]
[BlackTeamCountry "CZE"]

1. e4 e6 2. d4 d5 3. Nc3 dxe4 4. Nxe4 Nf6 5. Bg5 Nbd7 6. Nf3 Be7 7. Bxf6 Nxf6 8. Bd3 0-0 9. Qe2 Nd5 10. g3 f5 11. Ned2 Bf6 12. c3 Re8 13. 0-0-0 Bd7 14. Ne5 Re7 15. f4 Be8 16. Rhf1 c5 17. dxc5 Qa5 18. Nb3 Qxa2 19. Kc2 Ba4 20. Bc4 Bxb3+ 21. Bxb3 Qa5 22. Bxd5 exd5 23. Rxd5 Qa4+ 24. Kb1 Rc8 25. Qc2 Qb5 26. Rfd1 Bxe5 27. fxe5 g6 28. Qd3 Qxd3+ 29. R1xd3 Kf7 30. b4 Rce8 31. Re3 g5 32. Kc2 Kg6 33. Rd6+ Kh5 34. e6 Kg6 35. Kd3 Kf6 36. Kd4 Rxe6 37. Rexe6+ Rxe6 38. Kd5 Rxd6+ 39. cxd6 f4 40. gxf4 gxf4 41. Ke4 Ke6 42. Kxf4 Kxd6 43. Ke4 b6 44. Kd4 Kc6 45. c4 a6 46. Kc3 Kd6 47. Kd4 Kc6 1/2-1/2

[Event "Marianske Lazne op"]
[Site "Marianske Lazne"]
[Date "2011.01.22"]
[Round "9"]
[White "Simonian, Hrair"]
[Black "Toman, Jaroslav"]
[Result "1-0"]
[WhiteElo "2475"]
[BlackElo "2156"]
[PlyCount "93"]
[EventDate "2011.01.15"]
[EventType "swiss"]
[EventRounds "9"]
[EventCountry "CZE"]
[SourceTitle "CBM 140 Extra"]
[Source "ChessBase"]
[SourceDate "2011.03.01"]
[SourceVersion "1"]
[SourceVersionDate "2011.03.01"]
[SourceQuality "1"]

1. Nf3 g6 2. d4 Bg7 3. e4 d6 4. Bd3 Bg4 5. c3 e5 6. Be3 Nc6 7. Bb5 a6 8. Bxc6+ bxc6 9. dxe5 dxe5 10. Qa4 Ne7 11. Nbd2 0-0 12. h3 Bxf3 13. Nxf3 Re8 14. 0-0 Qb8 15. Qb3 Nc8 16. Nd2 Nd6 17. Qc2 Bf8 18. Rfd1 a5 19. a4 Qc8 20. b4 Qe6 21. bxa5 Nc4 22. Nxc4 Qxc4 23. Rd7 Bd6 24. Qa2 Qxa2 25. Rxa2 Rec8 26. Bh6 Rxa5 27. c4 Rca8 28. g3 Bf8 29. Bxf8 Kxf8 30. Rxc7 Rxa4 31. Rb2 Rxc4 32. Rbb7 Rxe4 33. Rxf7+ Kg8 34. Rg7+ Kh8 35. Rxh7+ Kg8 36. Rhg7+ Kf8 37. Rxg6 Rc4 38. h4 e4 39. h5 Raa4 40. Kg2 Rc2 41. Rd6 Ke8 42. Re6+ Kf8 43. Rxe4 Raa2 44. Rf4+ Kg8 45. Rc7 Ra5 46. h6 Rh5 47. Ra4 1-0

[Event "Zdar nad Sazavou Vysocina op-A 4th"]
[Site "Zdar nad Sazavou"]
[Date "2007.09.28"]
[Round "7"]
[White "Vecera, Pavel"]
[Black "Toman, Jaroslav"]
[Result "0-1"]
[WhiteElo "2148"]
[BlackElo "2168"]
[PlyCount "84"]
[EventDate "2007.09.22"]
[EventType "swiss"]
[EventRounds "9"]
[EventCountry "CZE"]
[SourceTitle "CBM 120 Extra"]
[Source "ChessBase"]
[SourceDate "2007.11.01"]
[SourceVersion "1"]
[SourceVersionDate "2007.11.01"]
[SourceQuality "1"]

1. e4 d6 2. d4 Nf6 3. Nc3 g6 4. f4 Bg7 5. Bd3 0-0 6. Nf3 Na6 7. 0-0 c5 8. d5 Bg4 9. h3 Bxf3 10. Qxf3 Nb4 11. Bd2 Nd7 12. Kh1 a6 13. a4 Rb8 14. a5 c4 15. Na4 Qxa5 16. Bxc4 Qc7 17. Bb3 a5 18. c4 b5 19. cxb5 Rxb5 20. Rfc1 Nc5 21. Bc4 Rbb8 22. Bc3 Rfc8 23. Bxg7 Kxg7 24. Nc3 Ra8 25. Nb5 Qd7 26. e5 Kg8 27. e6 fxe6 28. dxe6 Qc6 29. Qxc6 Rxc6 30. Nd4 Rb6 31. f5 Ne4 32. Re1 Ng3+ 33. Kh2 Nxf5 34. Nxf5 gxf5 35. Ra3 Kg7 36. Rg3+ Kf6 37. Rf1 d5 38. Bd3 Nxd3 39. Rxd3 Kxe6 40. Re3+ Kf6 41. Ref3 e6 42. b3 Rab8 0-1

[Event "Zdar nad Sazavou Vysocina op-A 4th"]
[Site "Zdar nad Sazavou"]
[Date "2007.09.24"]
[Round "3"]
[White "Tikovsky, Alexander"]
[Black "Toman, Jaroslav"]
[Result "1-0"]
[WhiteElo "2228"]
[BlackElo "2168"]
[PlyCount "45"]
[EventDate "2007.09.22"]
[EventType "swiss"]
[EventRounds "9"]
[EventCountry "CZE"]
[SourceTitle "CBM 120 Extra"]
[Source "ChessBase"]
[SourceDate "2007.11.01"]
[SourceVersion "1"]
[SourceVersionDate "2007.11.01"]
[SourceQuality "1"]

1. d4 g6 2. e4 d6 3. Nc3 Nf6 4. f4 Bg7 5. Nf3 0-0 6. Bd3 Na6 7. 0-0 c5 8. d5 Nc7 9. Qe1 Rb8 10. a4 b6 11. Qh4 e6 12. dxe6 Nxe6 13. f5 Nc7 14. Bg5 Nce8 15. Rad1 Qc7 16. Bf4 c4 17. Be2 Qc5+ 18. Kh1 Bb7 19. Rd4 Qb4 20. fxg6 hxg6 21. Rxc4 Qxb2 22. Rb1 Qa3 23. Bc1 1-0

[Event "Ceska Trebova op 3rd"]
[Site "Ceska Trebova"]
[Date "2007.08.14"]
[Round "6"]
[White "Petr, Martin"]
[Black "Toman, Jaroslav"]
[Result "1-0"]
[WhiteElo "2453"]
[BlackElo "2168"]
[PlyCount "93"]
[EventDate "2007.08.10"]
[EventType "swiss"]
[EventRounds "9"]
[EventCountry "CZE"]
[SourceTitle "CBM 119 Extra"]
[Source "ChessBase"]
[SourceDate "2007.09.04"]
[SourceVersion "1"]
[SourceVersionDate "2007.09.04"]
[SourceQuality "1"]

1. e4 d6 2. d4 Nf6 3. Nc3 g6 4. Be3 c6 5. Qd2 b5 6. f3 Nbd7 7. Nh3 Bb7 8. Be2 Qc7 9. 0-0 e5 10. Rad1 a6 11. g4 Bg7 12. g5 Nh5 13. f4 Nxf4 14. Nxf4 exf4 15. Rxf4 h6 16. Rdf1 Rf8 17. gxh6 Bxh6 18. R4f2 Bxe3 19. Qxe3 b4 20. Nb1 Nb6 21. Bg4 Bc8 22. Bxc8 Nxc8 23. e5 dxe5 24. dxe5 Qb6 25. Qg5 Ne7 26. Nd2 Qd4 27. b3 Rd8 28. Nc4 Qd5 29. h3 Nf5 30. Kh2 Qe6 31. Rd2 Rxd2+ 32. Qxd2 Rh8 33. Rf3 c5 34. Rd3 Nd4 35. Qg2 Kf8 36. c3 bxc3 37. Rxc3 Qf5 38. Re3 Kg7 39. Nd6 Qf4+ 40. Qg3 Qf1 41. Qg2 Qf4+ 42. Qg3 Qf1 43. Qg2 Qc1 44. Qf2 Rf8 45. Rg3 f5 46. exf6+ Rxf6 47. Ne8+ 1-0

[Event "CZE-chT2b 0607"]
[Site "Czech Republic"]
[Date "2007.03.25"]
[Round "10"]
[White "Friml, Antonin"]
[Black "Toman, Jaroslav"]
[Result "0-1"]
[WhiteElo "2210"]
[BlackElo "2150"]
[PlyCount "70"]
[EventDate "2006.10.15"]
[EventType "team"]
[EventRounds "11"]
[EventCountry "CZE"]
[SourceTitle "EXT 2009"]
[Source "ChessBase"]
[SourceDate "2008.11.26"]
[SourceVersion "1"]
[SourceVersionDate "2008.11.26"]
[SourceQuality "1"]

1. e4 d6 2. d4 Nf6 3. Nc3 g6 4. f4 Bg7 5. e5 Nfd7 6. Bc4 0-0 7. e6 Nb6 8. exf7+ Kh8 9. Bb3 Nc6 10. Be3 Na5 11. h4 Nxb3 12. axb3 Qd7 13. h5 gxh5 14. Nf3 Qe6 15. Qe2 Qg6 16. 0-0-0 Bg4 17. Qd2 Rxf7 18. Rdg1 a5 19. f5 Qxf5 20. Nh2 a4 21. Rf1 Qg6 22. Rxf7 Qxf7 23. Nxg4 hxg4 24. Qd3 Bf6 25. bxa4 Nxa4 26. Ne4 Nc5 27. dxc5 Ra1+ 28. Kd2 Rxh1 29. cxd6 cxd6 30. Qb5 Rh2 31. Qxb7 Rxg2+ 32. Kd1 Be5 33. Nd2 Rg3 34. c3 Rxe3 35. Qc8+ Qg8 0-1

[Event "CZE-chT2b 0607"]
[Site "Czech Republic"]
[Date "2006.12.03"]
[Round "4"]
[White "Toman, Jaroslav"]
[Black "Vanka, Miloslav"]
[Result "1/2-1/2"]
[WhiteElo "2150"]
[BlackElo "2194"]
[PlyCount "73"]
[EventDate "2006.10.15"]
[EventType "team"]
[EventRounds "11"]
[EventCountry "CZE"]
[SourceTitle "EXT 2009"]
[Source "ChessBase"]
[SourceDate "2008.11.26"]
[SourceVersion "1"]
[SourceVersionDate "2008.11.26"]
[SourceQuality "1"]

1. e4 c5 2. Nf3 Nc6 3. d4 cxd4 4. Nxd4 e5 5. Nb5 d6 6. c4 Be7 7. b3 Nf6 8. Bd3 Bg4 9. Qd2 0-0 10. 0-0 Rc8 11. N1a3 a6 12. Nc3 Nd4 13. Bb2 Nh5 14. Be2 Bg5 15. Qd1 Nxe2+ 16. Nxe2 Nf4 17. f3 Be6 18. Bc1 Nxe2+ 19. Qxe2 Bxc1 20. Raxc1 Qa5 21. Qb2 b5 22. Kh1 g6 23. Rfd1 bxc4 24. Nxc4 Bxc4 25. Rxc4 Rxc4 26. bxc4 Qc5 27. h3 Rc8 28. Rd5 Qc6 29. Qa3 Qxc4 30. Rxd6 h5 31. Qb2 Qf1+ 32. Kh2 Rc1 33. Qxe5 Qg1+ 34. Kg3 Qe1+ 35. Kh2 Qg1+ 36. Kg3 Qe1+ 37. Kh2 1/2-1/2